00270nam a2200109Ia 4500008004100000082001600041100002000057245002200077260003600099300001000135600001500145250611s9999 xx 000 0 und d a823.912 EDW aEdwards, Monica 0aJoan Goes Farming aLondon:bThe Bodley Head,c1955 a189p. aLiterature